Plnotučná extrudovaná sója a extrahovaný sójový šrot vo výžive zvierat

Bibliographic Details
Main Authors: Rajský, Matúš (Author), Čerešňáková, Zuzana (Author)
Format: Article
Language:Slovak

MARC

LEADER 00000nab a2200000uu 4500
001 vtls010899232
003 SK-MaSNL
005 20260303141516.0
008 230222|2013 xo |||||||||||||||||slo|
015 |a SNBRB 
035 |a (urnnbn)urn:nbn:sk:snk:ar-006rg8 
035 |a (uuid)849da40b-fb51-4c8a-9663-ba5d0a14d567 
035 |a urn:nbn:sk:snk-ab8r8o 
040 |a SNKBUCL  |b slo  |c SNKBUCL  |e AACR2 
041 0 |a slo 
044 |a xo  |c SK 
100 1 |a Rajský, Matúš  |4 aut  |9 338651 
245 1 0 |a Plnotučná extrudovaná sója a extrahovaný sójový šrot vo výžive zvierat  |c Matúš Rajský, Zuzana Čerešňáková 
700 1 |a Čerešňáková, Zuzana  |4 aut  |9 6251 
773 0 |t Slovenský chov : odborný mesačník pre chovateľov hospodárskych zvierat a veterinárov  |g Roč. 18, č. 12 (2013), s. 14-16 
954 |a odborná, vedecká literatúra pôvodná (slovenská)  |2 lita 
958 |a OND 
958 |a EUIPO 
958 |a article10 
999 |c 1976821  |d 1978751